00780 a2200181 450000100060000008200190000609000170002510000200004224500380006226000330010030000130013394200330014699900190017995201000019895201000029895201000039895201000049892599 a620.112232/SOK c44521d44522 aI.S.Sokolnikoff aMathematical Theory of Elasticity aNew yorkbMc Graw Hillc1946 axi,373p. aCAE NUSTcAEk620.112232/SOK c327672d327672 001040708NFICaCAEbCAEd2017-04-03l0o620.112232/SOKpCAE88832r2017-04-05w2017-04-05yBK 001040708NFICaCAEbCAEd2017-04-03l0o620.112232/SOKpCAE88835r2017-04-05w2017-04-05yBK 001040708NFICaCAEbCAEd2017-04-03l0o620.112232/SOKpCAE88834r2017-04-05w2017-04-05yBK 001040708NFICaCAEbCAEd2017-04-03l0o620.112232/SOKpCAE88833r2017-04-05w2017-04-05yBK